| 000 | 00374nam a22001577a 4500 | ||
|---|---|---|---|
| 003 | OSt | ||
| 005 | 20260325144705.0 | ||
| 008 | 260325b |||||||| |||| 00| 0 eng d | ||
| 020 | _a9781138044937 | ||
| 040 | _cIIMT UNIVERSITY | ||
| 100 | _aGUARINO, RICHARD | ||
| 245 | _aNEW DRUG APPROVAL PROCESS | ||
| 260 |
_aLONDON _bCRC PRESS _c2026 |
||
| 300 | _a529 | ||
| 942 |
_2ddc _c01 |
||
| 999 |
_c67651 _d67651 |
||